Statistics for Nascar Sprint Cup Tracks

Click here to take the quiz!

General Stats

  • This quiz has been taken 1,327 times
  • The average score is 18 of 23

Answer Stats

Hint % Correct
Daytona
98%
Bristol
88%
Texas
86%
Talladega
86%
Homestead-Miami
85%
Martinsville
83%
Atlanta
83%
WatkinsGlen
81%
Charlotte
81%
LasVegas
81%
Autoclub
79%
Phoenix
77%
Dover
77%
Sonoma
76%
Kansas
75%
Michigan
75%
Richmond
74%
Pocono
73%
Chicagoland
67%
Kentucky
66%
Indianapolis
65%
NewHampshire
63%
Darlington
63%

Score Distribution

Percentile by Number Answered

Percent of People with Each Score

Your Score History

You have not taken this quiz